Egoísta - Justin Quiles - Estadísticas

Estadísticas generales
  • Esta prueba ha sido intentada 48 veces
  • La puntuación promedio es 241 de 355
Estadísticas de respuestas
Letra % Correcto
a
90%
A
90%
bien
90%
bien,
90%
como
90%
cómo
90%
de
90%
deseo
90%
egoísta
90%
No
90%
no
90%
primer
90%
primera
90%
que
90%
Que
90%
qué
90%
soy
90%
Te
90%
te
90%
vaya
90%
y
90%
Y
90%
Ahora
80%
ahora
80%
amor
80%
con
80%
80%
se
80%
vista
80%
Dime
70%
el
70%
en
70%
fue
70%
Fuiste
70%
hacer
70%
la
70%
lo
70%
mi
70%
quién
70%
quien
70%
tu
70%
70%
abrigaba
60%
Al
60%
aúnque
60%
besaba
60%
besito
60%
bonito
60%
cuando
60%
era
60%
eres
60%
esos
60%
frío
60%
jugosos
60%
Juras
60%
labios
60%
miel
60%
ni
60%
nunca
60%
pasas
60%
piel
60%
poderes
60%
Por
60%
por
60%
principio
60%
puedes
60%
quieres
60%
Recuerdo
60%
sabor
60%
sea
60%
si
60%
Si
60%
solita
60%
tan
60%
tengo
60%
tienes
60%
todo
60%
trata
60%
yo
60%
adivino
50%
alguien
50%
bella
50%
brazos
50%
caminos
50%
correr
50%
cosas
50%
del
50%
destino
50%
diferentes
50%
ellas
50%
encuentres
50%
error
50%
escrito
50%
esté
50%
haga
50%
llame
50%
necesito
50%
ninguna
50%
Pero
50%
preguntas
50%
respuestas
50%
Son
50%
todavía
50%
trate
50%
vas
50%
vida
50%
abro
40%
compatibles
40%
Creí
40%
éramos
40%
eras
40%
ese
40%
he
40%
hubiesen
40%
los
40%
me
40%
momentos
40%
ojos
40%
peleas
40%
quisiera
40%
sangre
40%
saque
40%
Siempre
40%
sostén
40%
Teníamos
40%
tus
40%
una
40%
vino
40%
ya
40%
Anoche
30%
chocamos
30%
discutimos
30%
estrella
30%
fugó
30%
más
30%
Mera
30%
partimos
30%
realidad
30%
sonrisas
30%
su
30%
texteas
30%
allá
20%
cualquiera
20%
débiles
20%
estuvo
20%
nena
20%
Puedo
20%
seas
20%
ver
20%
Enfrentar
10%
enfrentar
10%
No se encontraron pruebas coincidentes
Distribución de puntuación
Porcentaje de gente con cada puntuación
Porcentaje por número respondido
Historial de tus puntuaciones
No has intentado esta prueba.